Statistics for Only The Poets - Ceasefire (all lyrics)

Click here to take the quiz!

General Stats

  • This quiz has been taken 5 times
  • The average score is 190 of 265

Answer Stats

Answer% Correct
a
100%
and
100%
of
100%
On
100%
on
100%
the
100%
they
100%
this
100%
You
100%
you
100%
your
100%
away
75%
Baby
75%
But
75%
but
75%
by
75%
call
75%
can't
75%
ceasefire
75%
Ceasefire
75%
fired
75%
from
75%
had
75%
Here
75%
here
75%
I
75%
in
75%
is
75%
it
75%
It's
75%
it's
75%
life
75%
like
75%
mess
75%
mind
75%
My
75%
never
75%
no
75%
nobody's
75%
not
75%
Over
75%
over
75%
poem
75%
questions
75%
roll
75%
safe
75%
Shots
75%
slip
75%
storm
75%
taking
75%
that
75%
them
75%
trouble
75%
until
75%
vision
75%
war
75%
waves
75%
we
75%
We're
75%
win
75%
words
75%
yet
75%
You're
75%
you're
75%
Are
50%
been
50%
board
50%
choir
50%
come
50%
Come
50%
coming
50%
day
50%
door
50%
dreams
50%
going
50%
graves
50%
Gripping
50%
Hey
50%
line
50%
long
50%
lost
50%
love
50%
Maybe
50%
now
50%
or
50%
rhymed
50%
rubble
50%
seams
50%
should
50%
their
50%
time
50%
toeing
50%
too
50%
under
50%
voice
50%
warm
50%
wasting
50%
won't
50%
Yeah
50%
yeah
50%
You've
50%

Score Distribution

Percentile by Number Answered

Percent of People with Each Score

Your Score History

You have not taken this quiz